000 01176nam a22003377a 4500
003 CHAP
005 20220329133716.0
008 971013s1994 r 00010 d
010 _a9770
011 _a10742
035 _a9980
040 _cCHAP
090 _aTesis
100 0 0 _aChávez Alfaro, J. Jesús.
_922657
245 _aEtiología de las enfermedades fungosas aéreas del peral (Pyrus communis L.) en Zacatlán Pue.
260 _aChapingo, Méx. :
_bEl autor,
_c1994
300 _a72 h.
_b: ilus
502 _aTesis (Ing. Agr. Esp. en Parasitología Agrícola) -- UACH. Departamento de Parasitología Agrícola
590 _aALEPH
_b10
_c20130110
_lUCH01
_h1225
590 _aBATCH-UPD
_b10
_c20130110
_lUCH01
_h0217
590 _aBATCH-UPD
_b10
_c20130110
_lUCH01
_h1715
590 _aBATCH-UPD
_b10
_c20130410
_lUCH01
_h1100
590 _aBATCH-UPD
_b10
_c20130914
_lUCH01
_h0926
590 _aCONVERSION
_b10
_c20130109
_lUCH01
_h1306
650 1 4 _aPera
_xEnfermedades por hongos.
_986970
650 1 4 _aPera
_xPuebla.
_986981
901 _aBK
942 _cFOLL
949 _bBC
_cTES
_d-21330
_eTS1
_h26743
_i9980
_si
949 _bBC
_cTES
_d-21410
_eTS2
_fc.2
_h26606
_i9980
_si
999 _c9770
_d9770